Statistiques concernant Partenaires commerciaux de l'Union Européenne

Cliquez ici pour prendre le quiz!

Statistiques générales

  • Ce quiz a été pris 6 344 fois
    (6 327 depuis la dernière actualisation)
  • Le résultat moyen est 18 sur 24

Statistiques - réponses

ImportExportPays% Correct
472223Chine
99%
232399États-Unis
99%
15989,3Russie
97%
32,933,8Brésil
96%
23,437,3Canada
96%
62,362,4Japon
94%
23,437,7Mexique
93%
46,241,9Inde
91%
33,1Australie
90%
78,079,2Turquie
82%
55,451,9Corée du Sud
79%
25,1Maroc
79%
146284Royaume-Uni
79%
22,1Afrique du Sud
76%
20,825,0Arabie Saoudite
75%
24,128,3Ukraine
70%
124157Suisse
68%
74,556,5Norvège
63%
22,0Thaïlande
61%
38,5Viêt Nam
57%
29,8Émirats Arabes Unis
53%
35,628,4Taïwan
48%
29,2Malaisie
40%
27,3Singapour
40%

Distribution des résultats

Percentile par nombre de réponses

% des personnes avec chaque résultat

Votre développement - résultats

Vous n’avez pas pris ce quiz depuis la dernière actualisation